ロード中...

Mrugayani /

書誌詳細
第一著者: Vridawanlal Varma
フォーマット: Printed Book
言語:Hindi
出版事項: Hind Pocket Books , 1970.
主題:
LEADER 00484nam a2200157Ia 4500
008 150624b xxu||||| |||| 00| 1 hin d
082 |a 863.22 
100 |a Vridawanlal Varma 
245 |c Vridawanlal Varma  |a Mrugayani / 
260 |b Hind Pocket Books ,  |c 1970. 
300 |a 236 p. 
546 |a In Hindi. 
650 |v Fiction 
942 |c BK 
999 |c 87211  |d 87211 
952 |0 1  |1 0  |4 0  |6 863_220000000000000_MRI_H  |7 0  |9 87155  |a UL  |b UL  |c ST2  |d 1998-09-15  |l 0  |o 863.22 MRI H  |p 4329  |r 2012-10-27  |w 2012-10-27  |y BK